| 000 | 00480nam a2200169 i 4500 | ||
|---|---|---|---|
| 082 | 0 | 0 |
_a356.1 _bRAH |
| 100 | 2 |
_aAttiqur Rahman, Mohammed, _946728 |
|
| 245 | 1 | 0 |
_aReflections on infantry / _cby M. Attiqur Rahman. |
| 250 | _a1st ed. | ||
| 260 |
_aLahore : _bWajidalis, _c1978. |
||
| 300 |
_a96 p. : _b22 cm. |
||
| 526 |
_a0 _b0 _c0 _d356_100000000000000_RAH |
||
| 650 | 0 |
_aInfantry drill and tactics. _918831 |
|
| 650 | 0 |
_aInfantry. _948921 |
|
| 650 | 0 |
_aMCE _9379 |
|
| 942 |
_2ddc _cBK |
||
| 999 |
_c551778 _d551778 |
||